00301nam a2200121Ia 4500008004100000082001600041100001800057245004600075250000800121260002600129300001000155650001400165150201s2009 xx 000 0 und d a616.6bP09H aHIREMATH , SS aTB. OF PREVENTIVE AND COMMUNITY DENTISTRY a1ST bELAEVIERaDELHIc2009 a1-528 aDENTISTRY